000 00349nam a2200133Ia 4500
005 20260328101525.0
008 260328s9999||||xx |||||||||||||| ||und||
100 _aAristizábal, Nora
245 0 _aRogelio Salmona - Maestro de Arquitectura /
_cNora Aristizábal
260 _bPanamericana
300 _a137 p.
650 _aARQUITECTOS
942 _cBK
999 _c9758
_d9758